| 000 | 00725nam a2200253Ia 4500 | ||
|---|---|---|---|
| 003 | OSt | ||
| 005 | 20220926044216.0 | ||
| 006 | a|||||r|||| 00| 0 | ||
| 007 | ta | ||
| 008 | 220923b |||||||| |||| 00| 0 eng d | ||
| 037 | _cGeneral Book | ||
| 040 |
_aRTL _cRTL _beng |
||
| 041 |
_2eng _aeng |
||
| 082 | _aY73.24.M, A | ||
| 100 |
_aElliot Henry M _998836 |
||
| 245 | 0 | _aMemoirs on the history, folk-lore and distribution | |
| 250 | _a2 | ||
| 260 | _c1859 | ||
| 300 |
_a369+396p _ccm. |
||
| 500 | _a Published previously as Supplemental Glossary of terms used in North Western provinces | ||
| 650 |
_aEthnology _935130 |
||
| 942 |
_hY73.24.M, A _cGB _2CC |
||
| 999 |
_c674261 _d674261 |
||